Obras de restauración en el Museo Provincial de L'Enrajolada de Martorell / por I. Clopas Batlle
Publicado:
San Jorge, núm. 67 - 68 (2n semestre 1967), pàg 72 - 76 :
MARC
| LEADER | 00000nam a2200000Ia 4500 | ||
|---|---|---|---|
| 001 | |||
| 008 | 160829s9999 xx 000 0 cat d | ||
| 100 | 1 | |a Clopas i Batlle, Isidre, |d 1913-2001 |9 24339 | |
| 245 | |a Obras de restauración en el Museo Provincial de L'Enrajolada de Martorell / por I. Clopas Batlle | ||
| 260 | |a San Jorge, núm. 67 - 68 (2n semestre 1967), pàg 72 - 76 | ||
| 650 | |a L'Enrajolada - Casa Museu Santacana (Martorell) |x Conservació i restauració |9 40357 | ||
| 901 | |a Arxiu | ||
| 942 | |n 1 | ||
| 952 | |0 0 |1 0 |4 0 |7 1 |9 49630 |a Arxiu |b Arxiu |d 2016-12-01 |l 0 |r 2016-12-01 00:00:00 |w 2016-12-01 |y ARXIU | ||
| 999 | |c 53472 |d 53472 | ||